000 00430nam a2200145 i 4500
001 26635
003 ES-MaACL
007 t|
008 030110s1901 fr ||||1| fre d
100 1 _aAstresse, Philippe.
_923694
245 1 0 _aTraité général théorique et pratique des assurances mutuelles /
_cpar Philippe Astresse.
260 _aParis :
_bA. Fontemoing,
_c1901.
300 _a2 v. ;
_c23 cm.
852 _aES-MaACL
_jG-5177-8
999 _c26635
_d26635